Firdaus Gum Shuda (Record no. 875)

MARC details
000 -LEADER
fixed length control field 00571nam a2200241 a 4500
020 ## - INTERNATIONAL STANDARD BOOK NUMBER
ISBN
082 00 - DEWEY DECIMAL CLASSIFICATION NUMBER
Classification number 245
Author Cutter SAD2
100 ## - MAIN ENTRY--AUTHOR NAME
Author name Sada, Isa Charan
245 ## - TITLE STATEMENT
Title Firdaus Gum Shuda
260 ## - PUBLICATION, DISTRIBUTION, ETC. (IMPRINT)
Place of publication Lucknow
Name of publisher Gulzar-E-syedi Press
Year of publication 1924
300 ## - PHYSICAL DESCRIPTION
Number of Pages 400p
500 ## - GENERAL NOTE
General note includes index and biblioraphy
505 2# - FORMATTED CONTENTS NOTE
Formatted contents note reference
650 ## - SUBJECT ADDED ENTRY--TOPICAL TERM
Topical Term Christian-Poetry
942 ## - ADDED ENTRY ELEMENTS (KOHA)
Koha item type Books
700 1# -
-- Sada, Isa Charan
Holdings
Home library Current library Date acquired Cost, normal purchase price Full call number Accession Number Koha item type
Henry Martyn Institute Library Henry Martyn Institute Library 07/05/2007 100.00 245 SAD2 4081 Archive Book
                   Copyright © 2026 | Henry Martyn Institute | Hyderabad | TS-500052 | INDIA | Implemented by hmi.edu.in
Hit-Count:

Powered by Koha